| 000 | 01153nam2a22002411 4500 | ||
|---|---|---|---|
| 001 | RU\NLR\Per\809490 | ||
| 005 | 20250617192007.0 | ||
| 035 | _a(NLR Aleph) 003053822 | ||
| 090 |
_a2163010 _c2163010 |
||
| 100 | _a20111027d2011 |||y0rusy50 ca | ||
| 101 | 0 | _arus | |
| 102 | _aRU | ||
| 105 | _ay ||||||||| | ||
| 200 | 0 | _a2011, № 10 (190) | |
| 210 |
_d2011 _aБ. м. |
||
| 461 | 0 |
_1001RU\NLR\INFOCOMM4\1000425985 _12001#$aАудит и налогообложение$eЖурн. Междунар. консультативного центра по вопр. налогообложения доходов фирм или доходов граждан$eМКПЦН$v2011, № 10 (190) _93046347 _cМ. _d1993 - _nМКПЦН _oЖурн. Междунар. консультативного центра по вопр. налогообложения доходов фирм или доходов граждан : МКПЦН _tАудит и налогообложение _x0234-6745 _v2011, № 10 (190) |
|
| 801 | 1 |
_aRU _bInfoComm _c20031216 |
|
| 801 | 0 |
_aRU _bNLR _gPSBO |
|
| 852 |
_aNLR _jП22/6474 |
||
| 942 | _cISSUE | ||
| 980 | _aNB | ||
| 980 | _aRUSPER | ||